| 000 | 00592nam a22001577a 4500 | ||
|---|---|---|---|
| 999 |
_c61189 _d61189 |
||
| 005 | 20231229115324.0 | ||
| 008 | 231229s1983 ru ||||| |||| 00| 0 rus d | ||
| 041 | _arus | ||
| 080 | _a008(354) К-50 | ||
| 100 |
_aКлочков, И.С. _920928 |
||
| 245 |
_aДуховная культура Вавилонии : _bЧеловек, судьба, время (очерки) / _cИ.С. Клочков. |
||
| 264 |
_a М.: _bНаука, _c1983. |
||
| 300 |
_a206 с.; _b20 см. |
||
| 653 | _aბაბილონის სულიერი კულტურა | ||
| 942 |
_2udc _cᲬᲘᲒᲜᲘ |
||